000 00393nam a2200157Ia 4500
003 GCL
008 140319s9999 xx 000 0 eng d
040 _aGCL /
_cGCL
082 0 4 _a746.6
_bG D
100 1 _aGRIERSON, S.U.
245 1 0 _aDYEING AND DYESTUFFS /
_cGRIERSON, S.U.
260 _a[S.N] :
_bSHIRE PUBLICATIONS LTD ،
_c1989
300 _a32 P
650 0 4 _aDYEING
942 _2ddc
_cBK
999 _c21274
_d21274